| 000 | nam a22 7a 4500 | ||
|---|---|---|---|
| 999 |
_c332410 _d332410 |
||
| 003 | NUST | ||
| 005 | 20171204101808.0 | ||
| 008 | 171204b xxu||||| |||| 00| 0 eng d | ||
| 020 | _a8123910401 | ||
| 040 | _c0 | ||
| 082 | _a631.4 PAT | ||
| 100 |
_aPathak,H. _96902 |
||
| 245 |
_aSoil and Greenhouse Effect: _bMonitoring and Mitigation _cEditor by ,H.Pathak |
||
| 260 |
_aNew Delhi _bCBS _c2003. |
||
| 300 | _a156p. | ||
| 500 | _aH.B | ||
| 942 |
_2ddc _cBK _kIESE |
||